000 00434nam a22001457a 4500
999 _c260216
_d260215
003 OSt
005 20230621101653.0
008 230621b xxu||||| |||| 00| 0 eng d
020 _a9788178298641
040 _cN/A
100 _aRobert D. Klassen & Larry J.Menor
245 _aCase in Operations Management:
_bBuilding Customer Value Through World -Class Operations.
260 _aNew Delhi
_bSage Publication
_c2006
942 _2lcc
_cBK